000 00727nam a2200241Ia 4500
001 Z_39
003 CHAP
005 20220920193925.0
008 220113s1987 xx 000 0 und d
010 _a163005
040 _cCHAP
090 _aFolleto 167
100 _aAssociacion pour le Développement de la Betterave Fourragére Monogerme. París
_9137229
245 _aLa mecanisation de la betterave fourragére /
_cpar Associacion pour le Développment de la Betterave Fourrágere Monogerme
260 _aParis :
_bLa Association,
_c1987
300 _a11 p.
650 _aRemolacha forrajera
_995879
901 _aFolleto 167
902 _aA
910 _a1987
942 _cFOLL
_2local
942 _cFOLL
_2local
999 _c163005
_d163005